Effectif du PSG 2025/2026 - Statistiques

Statistiques générales
  • Ce quiz a été pris 134 fois
  • Le résultat moyen est 21 sur 29
Statistiques - réponses
Numéro Effectif du psg % Correct
30 Lucas Chevalier
98%
10 Ousmane Dembélé
98%
2 Achraf Hakimi
95%
87 João Neves
94%
39 Matvey safonov
94%
25 Nuno Mendes
94%
14 Désiré Doué
93%
29 Bradley Barcola
92%
8 Fabián Ruiz
92%
9 Gonçalo Ramos
92%
5 Marquinhos
92%
17 Vitinha
92%
21 Lucas Hernández
90%
33 Warren Zaïre‑Emery
90%
51 Willian Pacho
89%
24 Senny Mayulu
85%
49 Ibrahim Mbaye
84%
19 Kang‑in Lee
79%
6 Illia Zabarnyi
77%
7 Khvicha Kvaratskhelia
75%
4 Lucas Beraldo
75%
47 Quentin Ndjantou
57%
89 Renato Marin
50%
43 Noham Kamara
24%
42 David Boly
18%
41 Mathis Jangeal
12%
60 Martin James
10%
46 Yanis Khafi
8%
48 Wassim Slama
7%
Aucun quiz correspondant
Distribution des résultats
% des personnes avec chaque résultat
Percentile par nombre de réponses
Votre historique - résultats
Vous n’avez pas pris ce quiz